[Event "AUT-chT2O 1718"]
[Site "Austria"]
[Date "2018.02.24"]
[Round "8.4"]
[White "Belke, Frank"]
[Black "Granditsch, Markus"]
[Result "1-0"]
[WhiteElo "2266"]
[BlackElo "2087"]
[PlyCount "31"]
[EventDate "2017.10.21"]
[EventType "team-tourn"]
[EventRounds "11"]
[EventCountry "AUT"]
[SourceTitle "EXT 2019"]
[Source "ChessBase"]
[SourceDate "2018.10.10"]
[SourceVersion "1"]
[SourceVersionDate "2018.10.10"]
[SourceQuality "1"]
[WhiteTeam "Hietzing"]
[BlackTeam "Mostarrichi"]
[WhiteTeamCountry "AUT"]
[BlackTeamCountry "AUT"]

1. d4 d5 2. c4 c6 3. Nf3 Nf6 4. Nc3 e6 5. Bg5 Nbd7 6. e3 h6 7. Bh4 Bd6 8. Qc2 0-0 9. a3 e5 10. cxd5 exd4 11. Nxd4 cxd5 12. Nxd5 g5 13. Nxf6+ Nxf6 14. Bg3 Qa5+ 15. Qc3 Bb4 16. Qxb4 1-0

[Event "AUT-chT2O 1718"]
[Site "Austria"]
[Date "2017.10.21"]
[Round "1.2"]
[White "Granditsch, Markus"]
[Black "Lampl, Gerald"]
[Result "1-0"]
[WhiteElo "2087"]
[BlackElo "2084"]
[PlyCount "105"]
[EventDate "2017.10.21"]
[EventType "team-tourn"]
[EventRounds "11"]
[EventCountry "AUT"]
[SourceTitle "CBM 181 Extra"]
[Source "ChessBase"]
[SourceDate "2017.12.12"]
[SourceVersion "1"]
[SourceVersionDate "2017.12.12"]
[SourceQuality "1"]
[WhiteTeam "Mostarrichi"]
[BlackTeam "Bad Voeslau"]
[WhiteTeamCountry "AUT"]
[BlackTeamCountry "AUT"]

1. d4 Nf6 2. c4 e6 3. Nf3 Bb4+ 4. Bd2 a5 5. e3 b6 6. Be2 0-0 7. 0-0 Re8 8. Qc2 Bxd2 9. Nbxd2 d6 10. c5 dxc5 11. dxc5 Ba6 12. Nc4 bxc5 13. Rfd1 Qe7 14. Nfe5 Nd5 15. Bf3 Bxc4 16. Qxc4 c6 17. Rac1 Qf6 18. Ng4 Qxb2 19. Rb1 Nb6 20. Qf1 Qxa2 21. Rxb6 f6 22. Ra1 Qc2 23. e4 Qc3 24. Ne3 Nd7 25. Rxc6 Ne5 26. Rc7 Nd3 27. e5 Qxe5 28. Rd7 Rad8 29. Rxd8 Rxd8 30. Rd1 Qd4 31. Be2 c4 32. Nxc4 Qxc4 33. Bxd3 Qc8 34. Qe2 g6 35. Qe1 Kg7 36. g3 Rd5 37. Qe2 Qd7 38. Bc2 Rxd1+ 39. Qxd1 Qxd1+ 40. Bxd1 f5 41. Kg2 Kf6 42. Kf3 g5 43. Ke3 g4 44. Kd4 h5 45. Ba4 h4 46. gxh4 Kg6 47. Ke5 Kh5 48. Kxe6 f4 49. Kf5 f3 50. Kf4 Kxh4 51. Bd7 a4 52. Bxg4 a3 53. Be6 1-0

[Event "Latschach op 25th"]
[Site "Latschach"]
[Date "2009.08.15"]
[Round "9"]
[White "Granditsch, Markus"]
[Black "Kowalak, Piotr"]
[Result "0-1"]
[WhiteElo "2032"]
[BlackElo "2185"]
[PlyCount "38"]
[EventDate "2009.08.08"]
[EventType "swiss"]
[EventRounds "9"]
[EventCountry "AUT"]
[SourceTitle "CBM 131 Extra"]
[Source "ChessBase"]
[SourceDate "2009.09.03"]
[SourceVersion "2"]
[SourceVersionDate "2009.09.16"]
[SourceQuality "1"]

1. e4 c5 2. Nf3 e6 3. b3 Nc6 4. Bb2 a6 5. c4 d6 6. g3 e5 7. Nc3 g6 8. h4 h5 9. d3 Bg7 10. Ng5 Nge7 11. Bh3 Bxh3 12. Nxh3 Nd4 13. Ne2 Qd7 14. Nxd4 exd4 15. Nf4 Bh6 16. Nd5 Nxd5 17. exd5 0-0-0 18. f4 Rde8+ 19. Kd2 Re3 0-1

[Event "Steyr-ch"]
[Site "Steyr"]
[Date "2009.07.04"]
[Round "4"]
[White "Granditsch, Markus"]
[Black "Posch, Roland"]
[Result "0-1"]
[WhiteElo "1972"]
[BlackElo "2062"]
[PlyCount "32"]
[EventDate "2009.07.01"]
[EventType "swiss"]
[EventRounds "5"]
[EventCountry "AUT"]
[SourceTitle "CBM 131 Extra"]
[Source "ChessBase"]
[SourceDate "2009.09.03"]
[SourceVersion "2"]
[SourceVersionDate "2009.09.16"]
[SourceQuality "1"]

1. e4 e5 2. Nf3 d6 3. d4 Nd7 4. Nc3 Ngf6 5. Bc4 Be7 6. Bg5 0-0 7. Qd2 c6 8. 0-0 Qc7 9. Nh4 Nb6 10. Be2 Re8 11. Nf5 Bxf5 12. exf5 d5 13. dxe5 Qxe5 14. Bxf6 Qxf6 15. Bd3 Bb4 16. Rfe1 d4 0-1

[Event "Steyr op"]
[Site "Steyr"]
[Date "2008.06.26"]
[Round "2"]
[White "Koller, Hubert"]
[Black "Granditsch, Markus"]
[Result "1/2-1/2"]
[WhiteElo "2135"]
[BlackElo "1918"]
[PlyCount "117"]
[EventDate "2008.06.25"]
[EventType "swiss"]
[EventRounds "5"]
[EventCountry "AUT"]
[SourceTitle "CBM 125 Extra"]
[Source "ChessBase"]
[SourceDate "2008.09.01"]
[SourceVersion "1"]
[SourceVersionDate "2008.09.01"]
[SourceQuality "1"]

1. c4 Nf6 2. Nc3 b6 3. d4 e6 4. a3 Bb7 5. Bg5 Be7 6. Nf3 0-0 7. Qc2 d5 8. e3 dxc4 9. Bxc4 Ba6 10. Bxa6 Nxa6 11. Bxf6 Bxf6 12. Qa4 Qc8 13. Qc6 Qe8 14. Qb7 Qc8 15. Qc6 Qe8 16. Qc4 Qc8 17. Ne4 c5 18. Nxf6+ gxf6 19. 0-0 cxd4 20. Qxd4 e5 21. Qh4 Qe6 22. b4 Rac8 23. Rac1 Kh8 24. Qe4 Rxc1 25. Rxc1 Rc8 26. Rxc8+ Qxc8 27. h3 Nb8 28. Qa8 Qc1+ 29. Kh2 Qc7 30. e4 f5 31. Nh4 fxe4 32. Qxe4 f6 33. Nf5 Nc6 34. Qc4 Qd7 35. Nh6 Kg7 36. Qh4 Nd4 37. Ng4 Qf5 38. Ne3 Qf4+ 39. Qxf4 exf4 40. Nd5 f3 41. gxf3 Nxf3+ 42. Kg3 Nd4 43. Kf4 Kf7 44. Ke4 Nb5 45. a4 Nd6+ 46. Kd4 Nf5+ 47. Kd3 Ke6 48. Nc7+ Kd7 49. Nb5 a6 50. Nc3 Kd6 51. a5 bxa5 52. bxa5 Ne7 53. Ne4+ Ke5 54. Nc5 Nc6 55. Nxa6 Nxa5 56. Nc5 Nc6 57. Ke3 Ne7 58. Nd3+ Kf5 59. Kf3 1/2-1/2

[Event "Leonding op 9th"]
[Site "Leonding"]
[Date "2006.??.??"]
[Round "2"]
[White "Knoll, Hermann"]
[Black "Granditsch, Markus"]
[Result "1-0"]
[WhiteElo "2373"]
[BlackElo "1893"]
[PlyCount "45"]
[EventDate "2006.08.28"]
[EventType "swiss"]
[EventRounds "7"]
[EventCountry "AUT"]
[SourceTitle "EXT 2007"]
[Source "ChessBase"]
[SourceDate "2006.11.23"]
[SourceVersion "1"]
[SourceVersionDate "2006.11.23"]
[SourceQuality "1"]

1. d4 Nf6 2. c4 g6 3. Nc3 Bg7 4. e4 d6 5. Be2 0-0 6. Nf3 e5 7. d5 a5 8. Bg5 Na6 9. Nd2 Qe8 10. a3 h6 11. Bh4 Kh7 12. Rb1 Ng8 13. b4 axb4 14. axb4 Ne7 15. f3 f5 16. Bf2 b6 17. 0-0 Rf7 18. Qb3 Nb8 19. Ra1 Rxa1 20. Rxa1 Nd7 21. Ra7 Qd8 22. Nb5 fxe4 23. Nxe4 1-0